000 00688nam a2200217Ia 4500
003 LDD
008 190117s9999 xx 000 0 und d
020 _a8171788718
_c₹125
040 _cLDD
041 _ahi
082 _a8H3.7 र2601ओ
100 _aरजा, राही मासूम
245 0 _aओस की बूंद
_cराही मासूम रजा
246 _a Os ki boond
250 _a3 सं.
260 _aनयी दिल्ली
_bराजकमल प्रकाशन
_c1988
300 _a112प.
901 _aRAJ
904 _aReqst by : पारिख
942 _2ddc
_cH
999 _c167988
_d167988